| 000 | 00740nam a2200205Ii 4500 | ||
|---|---|---|---|
| 003 | JO-AjNU | ||
| 008 | 230605s9999||||xx |||||||||||||| ||und|| | ||
| 017 | _a2006/11/2999 | ||
| 040 |
_aJO-AjNU _bara _erda _cJO-AjNU |
||
| 041 | _aara | ||
| 050 | 1 | 4 | _aHD30.213.S3422.2008 |
| 100 | 3 |
_aالسالمي،علاء عبدالرزاق؛تقديم:خالد ابراهيم السليطي, _eauthor _929448 |
|
| 245 | 0 | 0 | _aالادارة الالكترونية=e-management |
| 264 | 3 | 1 | _aعمان:دار وائل للنشر والتوزيع،2008 |
| 300 | _a391ص | ||
| 336 |
_atext _btxt _2rdacontent |
||
| 337 |
_aunmediated _bn _2rdamedia |
||
| 338 |
_avolume _bnc _2rdacarrier |
||
| 650 | 4 |
_aالادارة-معالجة البيانات _929449 |
|
| 999 |
_aA11553 _c15121 _d15121 |
||